[Event "Criciuma op-A"]
[Site "Criciuma"]
[Date "2024.01.18"]
[Round "9"]
[White "Ribeiro, Dionatan Lua Franze"]
[Black "Mariano, Kaiki Pereira"]
[Result "1/2-1/2"]
[WhiteElo "1820"]
[BlackElo "1700"]
[PlyCount "51"]
[EventDate "2024.01.12"]
[EventType "swiss"]
[EventRounds "9"]
[EventCountry "BRA"]
[SourceTitle "CBM 218 Extra"]
[Source "ChessBase"]
[SourceDate "2024.03.31"]
[SourceVersion "1"]
[SourceVersionDate "2024.03.31"]
[SourceQuality "1"]

1. e4 e5 2. Nf3 Nf6 3. Nxe5 d6 4. Nf3 Nxe4 5. Nc3 Nxc3 6. dxc3 Be7 7. Be3 0-0 8. Qd2 Nd7 9. 0-0-0 Re8 10. Bd3 Nf6 11. h3 d5 12. Rhe1 c5 13. Bg5 Be6 14. Qf4 Qa5 15. Kb1 d4 16. c4 b5 17. Rxe6 fxe6 18. Ne5 Qc7 19. cxb5 Bd6 20. Re1 Bxe5 21. Rxe5 Nd7 22. Qe4 Qxe5 23. Qxh7+ Kf8 24. Qh8+ Kf7 25. Qh5+ Kf8 26. Qh8+ 1/2-1/2

[Event "Criciuma op-A"]
[Site "Criciuma"]
[Date "2024.01.17"]
[Round "8"]
[White "Jenidarchiche, Douglas Rodrigo"]
[Black "Ribeiro, Dionatan Lua Franze"]
[Result "1/2-1/2"]
[WhiteElo "1845"]
[BlackElo "1820"]
[PlyCount "169"]
[EventDate "2024.01.12"]
[EventType "swiss"]
[EventRounds "9"]
[EventCountry "BRA"]
[SourceTitle "CBM 218 Extra"]
[Source "ChessBase"]
[SourceDate "2024.03.31"]
[SourceVersion "1"]
[SourceVersionDate "2024.03.31"]
[SourceQuality "1"]

1. e4 c5 2. Nf3 Nf6 3. Nc3 d5 4. exd5 a6 5. d4 Nxd5 6. Nxd5 Qxd5 7. c4 Qe4+ 8. Be2 cxd4 9. 0-0 Nc6 10. Re1 Bg4 11. h3 Bh5 12. Nxd4 Bxe2 13. Nxe2 Rd8 14. Qa4 e6 15. Bg5 Rd7 16. Rad1 Bd6 17. Nf4 Qf5 18. Rd5 Be5 19. Rxd7 Kxd7 20. Nd3 Bd4 21. Be3 Bxe3 22. Rxe3 Kc7 23. Rf3 Qg6 24. c5 f6 25. Qb3 Nd4 26. Qb6+ Kc8 27. Re3 e5 28. c6 Qf7 29. Nc5 Nxc6 30. Nxa6 bxa6 31. Rc3 Qb7 32. Rxc6+ Kb8 33. Qc5 Rc8 34. Qd6+ Ka7 35. Rxc8 Qxc8 36. Qd2 Qe6 37. b4 Qc6 38. h4 Kb7 39. g3 Kc7 40. Kh2 Qc4 41. a3 Qd4 42. Qc2+ Kb6 43. Kg2 e4 44. Qb3 Qd3 45. Qe6+ Kb5 46. Qf5+ Ka4 47. Qa5+ Kb3 48. Qc5 Qb5 49. Qe3+ Qd3 50. Qc1 Qc2 51. Qe3+ Qd3 52. Qc5 Qb5 53. Qc1 Qd3 54. Kh2 Qe2 55. Kg1 Qc4 56. Qe3+ Qd3 57. Qc1 Qc3 58. Qb1+ Kxa3 59. Qxe4 g6 60. Qb7 Qd3 61. Kg2 h5 62. Qb6 Qe4+ 63. Kh2 Qd3 64. Qc5 Kb3 65. Qb6 Qf5 66. Qc5 Qd3 67. Qb6 Qf5 68. Kg1 Qb1+ 69. Kh2 Qf5 70. Qd4 Ka4 71. Qb6 Kb3 72. Kg2 Qe4+ 73. Kg1 Qb1+ 74. Kh2 Qf5 75. Qd4 Ka4 76. Kg2 Kb5 77. Kh2 Ka4 78. Qb6 Kb3 79. Qc5 Ka4 80. Qd4 Kb3 81. Qd2 Qf3 82. Kg1 Qf5 83. Kg2 Qe4+ 84. Kh2 Qf5 85. Qd4 1/2-1/2

[Event "Porto Alegre op"]
[Site "Porto Alegre"]
[Date "2023.05.07"]
[Round "7"]
[White "Ribeiro, Dionatan Lua Franze"]
[Black "Scharlau Pereira, Tiago"]
[Result "1-0"]
[WhiteElo "1811"]
[BlackElo "1494"]
[PlyCount "85"]
[EventDate "2023.05.05"]
[EventType "swiss"]
[EventRounds "7"]
[EventCountry "BRA"]
[SourceTitle "CBM 214 Extra"]
[Source "ChessBase"]
[SourceDate "2023.07.31"]
[SourceVersion "1"]
[SourceVersionDate "2023.07.31"]
[SourceQuality "1"]

1. e4 c5 2. Nf3 d6 3. Bb5+ Nc6 4. Bxc6+ bxc6 5. 0-0 Nf6 6. Re1 e5 7. c3 Bg4 8. h3 Bh5 9. d3 Be7 10. Nbd2 0-0 11. Nf1 d5 12. exd5 Qxd5 13. g4 Nxg4 14. hxg4 Bxg4 15. Ne3 Qe6 16. Ng5 Bxd1 17. Nxe6 fxe6 18. Nxd1 Rad8 19. Re3 c4 20. Rxe5 Rxd3 21. Be3 Rfd8 22. Rxe6 Rxd1+ 23. Rxd1 Rxd1+ 24. Kg2 Bf6 25. Rxc6 Rb1 26. Rc8+ Kf7 27. Rxc4 Rxb2 28. a4 Rb7 29. a5 h5 30. a6 Rd7 31. Rb4 Bxc3 32. Rb7 Rxb7 33. axb7 Be5 34. Bxa7 Kg6 35. Kh3 Kg5 36. b8Q Bxb8 37. Bxb8 g6 38. f4+ Kh6 39. Kh4 Kg7 40. Kg5 Kf7 41. Be5 Ke6 42. Kxg6 h4 43. Bb8 1-0

[Event "Florianopolis op 9th"]
[Site "Florianopolis"]
[Date "2023.01.28"]
[Round "9"]
[White "Oviedo Acosta, Paula"]
[Black "Ribeiro, Dionatan Lua Franze"]
[Result "1-0"]
[WhiteElo "1836"]
[BlackElo "1800"]
[PlyCount "71"]
[EventDate "2023.01.23"]
[EventType "swiss"]
[EventRounds "10"]
[EventCountry "BRA"]
[SourceTitle "CBM 212 Extra"]
[Source "ChessBase"]
[SourceDate "2023.03.31"]
[SourceVersion "1"]
[SourceVersionDate "2023.03.31"]
[SourceQuality "1"]

1. e4 c5 2. Nf3 Nc6 3. Nc3 d6 4. d4 cxd4 5. Nxd4 a6 6. Be3 Nf6 7. f3 Qb6 8. Qd2 Qxb2 9. Rb1 Qa3 10. Bc4 Ne5 11. Bb3 e6 12. Ba4+ Bd7 13. Rb3 Qc5 14. Nxe6 Qc8 15. Nxf8 Nc4 16. Bxd7+ Nxd7 17. Qd4 Nxe3 18. Qxe3 Nxf8 19. Qb6 Qd8 20. Qxb7 Ne6 21. Qc6+ Kf8 22. Qd5 Rc8 23. 0-0 Nf4 24. Qd2 g5 25. Rd1 Kg7 26. Ne2 Ne6 27. Nd4 Qf6 28. Nxe6+ fxe6 29. Rb7+ Kg6 30. Qxd6 Rxc2 31. Re7 Rc6 32. Qd7 Rhc8 33. Re8 R8c7 34. Qd3 Rc2 35. e5+ Qf5 36. Rxe6+ 1-0